Planeación de la producción y control de inventario

Bibliographic Details
Main Authors: Narasimhan, Seetharama L., Mcleavey, Dennis W, Billington, Peter J
Format: Section = Libro
Language:Undetermined
Spanish
Published: México Prentice Hall 1996
Edition:2a.ed.
Subjects:
LEADER 00723nam a2200253Ia 4500
008 240829s9999 xx 000 0 und d
020 |a 968-880-739-7 
040 |a BIBLIOTECA-RUSB/ 658.787 N218 
041 |a spa 
082 |a 658.787 N218 
100 1 |a Narasimhan, Seetharama L.  
100 1 |b  Mcleavey, Dennis W 
100 1 |c  Billington, Peter J 
245 1 0 |a Planeación de la producción y control de inventario 
250 |a 2a.ed. 
260 |a México  |b Prentice Hall  |c 1996 
300 |a 716 p. :il. 
650 7 |a CONTROL DE INVENTARIO 
650 7 |b  ADMINISTRACION DE MATERIALES 
650 7 |c  PLANEACION AGREGADA 
650 7 |d  ADMINISTRACION DE LA CALIDAD 
942 |c BK  |2 ddc 
991 |a TEXTO 
999 |c 4242